Régimen jurídico de las personas y la familia: normativa y jurisprudencia sistematizada, concordada y comentada
Saved in:
| Main Author: | |
|---|---|
| Format: | Book |
| Language: | Spanish |
| Published: |
Santiago
Legal Publishing
2012
|
| Edition: | 1a. ed |
| Subjects: | |
| Tags: |
Add Tag
No Tags, Be the first to tag this record!
|
MARC
| LEADER | 00000cam a2200000 a 4500 | ||
|---|---|---|---|
| 001 | UCF2409 | ||
| 003 | CL-VaPUC | ||
| 008 | 120817e20120600CL |||||||||||||||||spa|d | ||
| 020 | |a 9789563462241 | ||
| 082 | 0 | 4 | |a 346.83015 |b BAR |2 21 |
| 100 | 0 | |a Barrientos Grandón, Javier Orlando |e author |9 564033 | |
| 245 | 1 | 0 | |a Régimen jurídico de las personas y la familia: normativa y jurisprudencia sistematizada, concordada y comentada |
| 250 | |a 1a. ed | ||
| 300 | |a 737 p | ||
| 942 | |c BK | ||
| 945 | |d 20120817 00:00:00 |a dcastane | ||
| 260 | |a Santiago |b Legal Publishing |c 2012 | ||
| 650 | 0 | |a Derecho de familia |9 255603 | |
| 650 | 0 | |a Familias |9 255641 | |
| 650 | 7 | |a MATRIMONIO |2 CL-VaPUC |9 564034 | |
| 650 | 0 | |a Sociedad conyugal |9 357527 | |
| 650 | 0 | |a Regímenes matrimoniales |9 357525 | |
| 650 | 0 | |a Hijos |9 353490 | |
| 650 | 0 | |a Peternidad |9 254922 | |
| 650 | 0 | |a Iglesia |9 255004 | |
| 650 | 0 | |a Estado |9 255503 | |
| 583 | |a last modification |c 20120817 11:35:00 |k Rodrigo Vera | ||
| 999 | |c 348974 |d 348972 | ||
| 952 | |0 0 |1 0 |4 0 |6 346_830150000000000_BAR_2012 |7 0 |8 A |9 451333 |a BIBDER |b BIBDER |d 2019-11-22 |i 4891430 |l 3 |o 346.83015 BAR 2012 |p 4891430 |r 2025-03-27 |s 2025-03-27 |w 2019-11-22 |y BK |k DER | ||